000 00559nam a22002057a 4500
003 OSt
005 20140310182836.0
008 130606t xxu||||| |||| 00| 0 eng d
020 _a0071230467
050 _aQK 47
_b.M821 1998
082 _aM 580.22
_bB65 1998
245 _aBotany /
_cMoore, Randy
260 _aBoston, Massachusettes :
_bWCB McGraw-Hill,
_c1998
300 _axxiv, 919 p. :
_bill. (some col.), col. maps ;
_c29 cm.
521 _acollege students
526 _c1210L-1700L
541 _j1
562 _e1
942 _2lcc
_cBK
_kM
999 _c16758
_d16758